书目信息 |
| 题名: |
百花集锦
|
|
| 作者: | 江荣先 摄影 | |
| 分册: | ||
| 出版信息: | 北京 中国建筑工业出版社 1999.04 |
|
| 页数: | 216页 | |
| 开本: | 32开 | |
| 丛书名: | ||
| 单 册: | ||
| 中图分类: | S68-64 | |
| 科图分类: | ||
| 主题词: | 观赏园艺 , 花卉 , 园林树木 | |
| 电子资源: | ||
| ISBN: | 7-112-03820-0 | |
| 000 | 00585nam0 2200217 45 | |
| 001 | 0009251139 | |
| 005 | 20000925110222.1 | |
| 010 | @a7-112-03820-0@d58.00元 | |
| 100 | @a20000925d1999 km y0chiy0120 ea | |
| 101 | 0 | @achi |
| 105 | @a z 000yy | |
| 200 | 1 | @a百花集锦@ABai Hua Ji Jin@f江荣先摄影@FJiang Rong Xian She Ying |
| 210 | @a北京@c中国建筑工业出版社@d1999.04 | |
| 215 | @a216页@d32开 | |
| 606 | 0 | @a观赏园艺 |
| 606 | 0 | @a花卉 |
| 606 | 0 | @a园林树木 |
| 690 | @aS68-64@v3 | |
| 701 | 0 | @a江荣先@4摄影 |
| 801 | @aCN@bPftUser@c20000925 | |
| 905 | @b153377-379@dS68-64@eJ897@f3 | |
| 百花集锦/江荣先摄影.-北京:中国建筑工业出版社,1999.04 |
| 216页;32开 |
| ISBN 7-112-03820-0:58.00元 |
| ● |
| 相关链接 |
|
|
|
正题名:百花集锦
索取号:S68-64/J897
 
预约/预借
| 序号 | 登录号 | 条形码 | 馆藏地/架位号 | 状态 | 备注 |
| 1 | 153377 | 201533778 | 自科库401/401自科库 22排3列1层/ [索取号:S68-64/J897] | 在馆 | |
| 2 | 153378 | 201533787 | 自科库401/401自科库 22排3列2层/ [索取号:S68-64/J897] | 在馆 | |
| 3 | 153379 | 201533796 | 自科库401/ [索取号:S68-64/J897] | 在馆 |